000 00931nam a2200217Ia 4500
003 Ost
005 20260507075612.0
008 260507s9999||||xx |||||||||||||| ||und||
040 _cfsecg
041 _aara
082 _a657
100 _aالحبلي، رياض
_eمؤلف
245 0 _aأصول المحاسبة /
_c رياض الحبلي
260 _aعمان:
_bدار صفاء للنشر والتوزيع,
_c2000
300 _a224 صفحة؛
_bإيضاحات ؛
_c24 سم
520 _aالجرد- جرد الأصول الثابتة- جرد الأصول المتداولة- جرد الحسابات الوهمية- جرد الخصوم المتداولة- الدفاتر المساعدة- طرق المحاسبة والحسابات الإجمالية
653 _aالعلوم التطبيقية
653 _aالمحاسبة
700 _aرشيد، محمود وآخرون
_eمؤلف ثانوي
942 _cكتاب
999 _c45090
_d45090